[Event "MOR-chT 0405"]
[Site "Czech Republic"]
[Date "2004.10.24"]
[Round "3.4"]
[White "Sobek, Jaroslav"]
[Black "Kozak, Pavel"]
[Result "1-0"]
[WhiteElo "2319"]
[BlackElo "2185"]
[PlyCount "107"]
[EventDate "2004.10.09"]
[EventType "team"]
[EventRounds "11"]
[EventCountry "CZE"]
[SourceTitle "CBM 103 Extra"]
[Source "ChessBase"]
[SourceDate "2005.01.01"]
[SourceVersion "1"]
[SourceVersionDate "2005.01.01"]
[SourceQuality "1"]

1. d4 f5 2. g3 Nf6 3. Bg2 e6 4. b3 Be7 5. Bb2 d5 6. Nf3 0-0 7. Ne5 Nbd7 8. Nd3 Ne4 9. Nd2 Ndf6 10. Nf3 c6 11. Nfe5 Qe8 12. f3 Nd6 13. 0-0 g5 14. e3 h5 15. c4 Kg7 16. c5 Nf7 17. e4 Nxe5 18. dxe5 Ng8 19. exf5 exf5 20. Qd2 Be6 21. Bd4 Nh6 22. b4 Nf7 23. a4 Rh8 24. h3 Qd7 25. Rab1 a6 26. Rb2 Rag8 27. Rfb1 Rh6 28. b5 axb5 29. axb5 Nd8 30. bxc6 bxc6 31. Kh2 Kh7 32. Ra1 f4 33. gxf4 g4 34. Rba2 gxh3 35. Bf1 Rhg6 36. Ra7 Qe8 37. Ne1 Bf5 38. Bd3 Bxd3 39. Qxd3 Kh6 40. f5 Bg5 41. fxg6 Bf4+ 42. Kh1 Rxg6 43. Qf5 Ne6 44. Bf2 Qb8 45. Nd3 Bd2 46. Qf7 h2 47. Kxh2 Ng5 48. Qc7 Nxf3+ 49. Kh1 Qb3 50. Qh7+ Kg5 51. Qe7+ Kh6 52. Qf8+ Kg5 53. Qxf3 Qc4 54. Rg1+ 1-0

[Event "Karvina op"]
[Site "Karvina"]
[Date "2003.??.??"]
[Round "4"]
[White "Kozak, Pavel"]
[Black "Lahner, Jakub"]
[Result "1/2-1/2"]
[WhiteElo "2156"]
[BlackElo "2241"]
[PlyCount "148"]
[EventDate "2003.07.??"]
[EventType "swiss"]
[EventRounds "9"]
[EventCountry "CZE"]
[SourceTitle "EXT 2005"]
[Source "ChessBase"]
[SourceDate "2004.11.15"]
[SourceVersion "1"]
[SourceVersionDate "2004.11.15"]
[SourceQuality "1"]

1. c4 Nf6 2. Nc3 c6 3. d4 d5 4. e3 a6 5. cxd5 cxd5 6. Bd3 b5 7. Nf3 Bg4 8. h3 Bxf3 9. Qxf3 e6 10. 0-0 Be7 11. Qg3 g6 12. Bd2 Bd6 13. Qf3 Nbd7 14. e4 b4 15. Nxd5 exd5 16. e5 Ne4 17. exd6 Nxd2 18. Qe3+ Ne4 19. f3 Qg5 20. Qe1 0-0 21. fxe4 dxe4 22. Qxe4 Rae8 23. Qf4 Qxf4 24. Rxf4 Nb6 25. Bxa6 Nd5 26. Rf3 Re6 27. Bc4 Rxd6 28. Rb3 Rc8 29. Bxd5 Rxd5 30. Rxb4 Rc2 31. Rf1 Rd7 32. Rf2 Rc1+ 33. Kh2 Rd1 34. Rc2 h5 35. Rbc4 Rf1 36. h4 Rd5 37. Rd2 Rf4 38. Kh3 Rg4 39. Rc5 Rdxd4 40. Rxd4 Rxd4 41. b3 Kf8 42. a4 Rd3+ 43. Kh2 Rxb3 44. Rc7 Rb4 45. a5 Rxh4+ 46. Kg3 Ra4 47. Ra7 Kg7 48. Ra6 g5 49. Kh3 Ra3+ 50. Kh2 f6 51. Ra8 Kg6 52. a6 Kf5 53. a7 h4 54. Kg1 g4 55. Rh8 Rxa7 56. Rxh4 g3 57. Kf1 Kg5 58. Rd4 Ra1+ 59. Ke2 f5 60. Kf3 Ra3+ 61. Ke2 f4 62. Rd8 Ra2+ 63. Kf1 Ra1+ 64. Ke2 Rg1 65. Rg8+ Kh5 66. Rh8+ Kg6 67. Kf3 Rf1+ 68. Kg4 Kf6 69. Rh5 Ke6 70. Rf5 f3 71. Rxf3 Rxf3 72. Kxf3 Kf5 73. Kxg3 Kg5 74. Kf3 Kf5 1/2-1/2

[Event "Karvina op"]
[Site "Karvina"]
[Date "2003.??.??"]
[Round "2"]
[White "Orzechowski, Jacek"]
[Black "Kozak, Pavel"]
[Result "1-0"]
[WhiteElo "2242"]
[BlackElo "2156"]
[PlyCount "63"]
[EventDate "2003.07.??"]
[EventType "swiss"]
[EventRounds "9"]
[EventCountry "CZE"]
[SourceTitle "EXT 2005"]
[Source "ChessBase"]
[SourceDate "2004.11.15"]
[SourceVersion "1"]
[SourceVersionDate "2004.11.15"]
[SourceQuality "1"]

1. e4 c5 2. Nf3 d6 3. d4 Nf6 4. Nc3 cxd4 5. Nxd4 a6 6. a4 e5 7. Nb3 h6 8. a5 Be6 9. Be3 Nbd7 10. Be2 Qc7 11. 0-0 Be7 12. f3 Rc8 13. Rf2 g5 14. Bf1 Nh5 15. Nd5 Bxd5 16. Qxd5 Nf4 17. Qd1 Nf6 18. Ra4 Qd7 19. Rc4 0-0 20. Rd2 Qe6 21. Rxc8 Rxc8 22. c4 g4 23. Nc1 N6h5 24. Na2 Kh7 25. Nc3 Rg8 26. Nd5 Nxd5 27. exd5 Qd7 28. fxg4 Qxg4 29. Qxg4 Rxg4 30. Be2 Bg5 31. Bxg5 Rxg5 32. h4 1-0

[Event "MOR-chT2N 0203"]
[Site "Moravia"]
[Date "2002.11.17"]
[Round "3"]
[White "Kozak, Pavel"]
[Black "Bolacky, Jiri"]
[Result "1/2-1/2"]
[WhiteElo "2156"]
[BlackElo "2198"]
[PlyCount "22"]
[EventDate "2002.10.??"]
[EventType "team"]
[EventRounds "11"]
[EventCountry "CZE"]
[SourceTitle "EXT 2006"]
[Source "ChessBase"]
[SourceDate "2005.11.24"]
[SourceVersion "1"]
[SourceVersionDate "2005.11.24"]
[SourceQuality "1"]

1. e4 c5 2. Nf3 e6 3. d4 cxd4 4. Nxd4 Nf6 5. Bd3 Nc6 6. Nxc6 dxc6 7. 0-0 e5 8. b3 Bg4 9. Qe1 Bc5 10. Be3 Bxe3 11. Qxe3 Qd4 1/2-1/2